| 000 | 00823cam a2200253 i 4500 | ||
|---|---|---|---|
| 999 |
_c21948 _d21948 |
||
| 001 | 21948 | ||
| 003 | Mx-PuUPA | ||
| 005 | 20200910102903.0 | ||
| 008 | 140415s1960 sp r 000 0 spa d | ||
| 040 |
_aMX-PuUPA _bspa _erda _cMx-PuUPA _dMx-PuUPA |
||
| 041 | 0 | _aspa | |
| 100 | 1 |
_aRojas, Fernando de, _d-1541 _eautor _92494 |
|
| 245 | 1 | 3 |
_aLa Celestina : _btragicomedia de Calixto y Melibea / _cFernando de Rojas. |
| 250 | _aSexta edición | ||
| 264 | 1 |
_aMadrid : _bEspasa-Calpe, _c1960 |
|
| 300 |
_a146 páginas ; _c19 cm. |
||
| 336 |
_atexto _2rdacontent _btxt |
||
| 337 |
_asin medio _2rdamedia _bn |
||
| 338 |
_avolumen _2rdacarrier _bnc |
||
| 490 | 0 |
_aColección Austral ; _v195 |
|
| 650 | 4 |
_aLiteratura medieval _xTeatro español _xComedia |
|
| 942 |
_2ddc _cLI _h862 _iR7413 |
||